| 000 | 00761cam a22002537a 4500 | ||
|---|---|---|---|
| 001 | 14454669 | ||
| 003 | ARRUPE | ||
| 005 | 20130926141157.0 | ||
| 008 | 060717s2006 rh 000 0 eng | ||
| 010 | _a 2006315481 | ||
| 020 | _a0797431136 | ||
| 040 |
_aDLC _cDLC |
||
| 042 | _alcode | ||
| 050 | 0 | 0 |
_aPR9390.5 _bZ71L5 2006 |
| 100 |
_aEresina Hwede _91450 |
||
| 245 | 0 | 0 |
_aLight a candle : _ba collection of short stories / _cEresina Hwede. |
| 260 |
_aHarare : _bZimbabwe Women Writers, _cc2006. |
||
| 300 |
_aii, 167 p. ; _c20 cm. |
||
| 700 | 1 |
_aHwede, Eresina. _91451 |
|
| 710 | 2 |
_aZimbabwe Women Writers. _91452 |
|
| 906 |
_a7 _bcbc _corigode _d4 _encip _f20 _gy-gencatlg |
||
| 942 |
_2lcc _cMONOGRAPH |
||
| 999 |
_c118094 _d118094 |
||